Leader xxxxxxxxxx
001 __ PCLIS00049593
005 __ 20220315133600.0
010 0_ |a978-986-91117-8-2|b平裝|dNT$350
100 __ |a20160421d2015 m y0chiy09 e
101 0_ |achi
102 __ |atw
105 __ |aab z 000ad
200 1_ |a臺北城裡妖魔跋扈|dThe murders in mandala|zeng|f瀟湘神,新日嵯峨子作
205 __ |a初版
210 __ |a臺北市|c奇異果文創出版|c紅螞蟻圖書總經銷|d2015[民104]
215 0_ |a382面|c圖,地圖|d21公分
225 1_ |a北地異|v1
225 1_ |a言語道斷之死系列
300 __ |a著者瀟湘神本名羅傳樵
300 __ |a本館最新館藏為2016年2刷
300 __ |a含附錄
510 1_ |aThe murders in mandala|zeng
517 1_ |a台北城裡妖魔跋扈|zchi
606 __ |2cst|a長篇小說
681 __ |a857.7|b8434
700 _0 |a瀟湘神|f1982- |4作
710 02 |a新日嵯峨子|4作
801 _0 |atw|b內湖高中|c20160421|gCCR
801 _2 |atw|b內湖高中|c20220315|gCCR
|